Thiết kế mẫu một số Mô-đun giáo dục môi trường ngoài giờ lên lớp

Na minha lista:
Detalhes bibliográficos
Autor Corporativo: Chương trình phát triển Liên Hợp Quốc UNDP & DNIDA
Formato: Hội nghị đang tiến hành Livro
Idioma:Vietnamese
Publicado em: Hà Nội 2004
Assuntos:
Tags: Adicionar Tag
Sem tags, seja o primeiro a adicionar uma tag!
Thư viện lưu trữ: Trung tâm Học liệu Lê Vũ Hùng, Trường Đại học Đồng Tháp
LEADER 00909pam a22002298a 4500
001 00029786
005 20171026081022.0
008 121121s2004 ||||||viesd
041 0 # |a vie 
082 1 4 |a 333.707  |b TH308K 
111 |a Chương trình phát triển Liên Hợp Quốc UNDP & DNIDA 
245 1 0 |a Thiết kế mẫu một số Mô-đun giáo dục môi trường ngoài giờ lên lớp 
260 # # |a Hà Nội  |c 2004  |e Công ty in và văn hóa phẩm 
300 # # |b ảnh màu  |a 127 tr.  |c 30 cm. 
500 # # |a ĐTTS ghi: Bộ giáo dục và đào tạo. Dự án VIE/98/018 
653 # # |a Giáo dục 
653 # # |a Môi trường 
653 # # |a Thiết kế mẫu 
852 # # |b Kho đọc  |j KD.0014193 
852 # # |j KD.0014193 
910 |d 21/11/2012 
980 # # |a Trung tâm Học liệu Lê Vũ Hùng, Trường Đại học Đồng Tháp